000 00600nam a22001817a 4500
003 OSt
005 20251119082909.0
008 251119b |||||||| |||| 00| 0 eng d
010 _a7529612
020 _a0690010621
040 _cTHOMAS Y. CROWELL COMPANY
050 _aT 23 .T86 1965
_b.T86 1965
245 _aCOLONIAL CRAFTSMEN :
_bAnd the beggining of American Industry/
_cTUNIS, EDWIN
250 _a1ST EDITION
260 _aNEW YORK:
_bTHOMAS Y . CROWELL COMPANY,
_c1965
300 _a159 pages,
_bhardcover ,ill .: col , includes bibliographic references and index,
_c31 cm.
942 _2lcc
_cBK
_n0
999 _c9828
_d9828